|
|
|
|
| LEADER |
00000nam0a2200000 4500 |
| 001 |
284665 |
| 005 |
20231101235722.0 |
| 035 |
|
|
|a (RuTPU)RU\TPU\book\308846
|
| 090 |
|
|
|a 284665
|
| 100 |
|
|
|a 20150217d1970 k y0rusy50 ca
|
| 101 |
0 |
|
|a rus
|
| 102 |
|
|
|a RU
|
| 105 |
|
|
|a a z 101zy
|
| 200 |
1 |
|
|a Проблемы палеогеоморфологии
|e материалы VI пленума Геоморфологической комиссии
|e Уфа, 29 января-3 февраля, 1967 г.
|f Академия наук СССР (АН СССР), Геоморфологическая комиссия ; отв. ред. Ю. А. Мещеряков , А. П. Рождественский
|
| 210 |
|
|
|a Москва
|c Наука
|d 1970
|
| 215 |
|
|
|a 322 с.
|c ил.
|e 2 л. схем и карт
|
| 320 |
|
|
|a Библиогр. в конце ст.
|
| 606 |
1 |
|
|a Палеогеоморфология
|2 stltpush
|3 (RuTPU)RU\TPU\subj\47978
|9 66861
|
| 610 |
1 |
|
|a методы
|
| 610 |
1 |
|
|a геоморфология
|
| 610 |
1 |
|
|a палеогеография
|
| 610 |
1 |
|
|a исследования
|
| 610 |
1 |
|
|a металлогения
|
| 610 |
1 |
|
|a выветривание
|
| 610 |
1 |
|
|a пленумы
|
| 675 |
|
|
|a 551.8:551.4(063)
|v 4
|
| 702 |
|
1 |
|a Мещеряков
|b Ю. А.
|4 340
|
| 702 |
|
1 |
|a Рождественский
|b А. П.
|4 340
|
| 712 |
0 |
2 |
|a Академия наук СССР (АН СССР)
|b Геоморфологическая комиссия
|c пленум
|e Уфа
|f 1967
|2 stltpush
|3 (RuTPU)RU\TPU\col\722
|
| 801 |
|
1 |
|a RU
|b 63413507
|c 20150217
|
| 801 |
|
2 |
|a RU
|b 63413507
|c 20180221
|g RCR
|
| 942 |
|
|
|c BK
|